Úvod do experimentální fyziky. 4. díl, optika /

Uloženo v:
Podrobná bibliografie
Hlavní autoři: Vacek, Karel (Autor), Berger, Zdeněk (Autor)
Médium: Kniha
Jazyk:čeština
Vydáno: Praha : Státní pedagogické nakladatelství, 1972
Vydání:[1. vyd.]
Témata:
On-line přístup: Získat plný text
Tagy: Přidat tag
Žádné tagy, Buďte první, kdo vytvoří štítek k tomuto záznamu!

MARC

LEADER 00000cam a2200000 4500
003 SK-BrCVT
005 20220618075659.0
008 090623s1972 cs e ||||||cze d
035 |a CVTIDW1500767 
040 |b slo  |a CVTI SR  |e AACR2 
041 0 |a cze 
044 |a cs 
100 1 |a Vacek, Karel  |4 aut 
245 1 0 |a Úvod do experimentální fyziky.  |n 4. díl,  |p optika /  |c Karel Vacek, Zdeněk Berger 
250 |a [1. vyd.] 
260 |a Praha :  |b Státní pedagogické nakladatelství,  |c 1972 
300 |a 270 s. 
653 1 |a fyzika 
700 1 |a Berger, Zdeněk  |4 aut 
910 |b S296069 
974 |f Knihy 
992 |a ASK 
999 |c 191854  |d 191854